Práva k duševnímu vlastnictví a mezinárodní obchod

Meniaca sa úloha práva k duševnému vlastníctvu v medzinárodnom obchode. Práva k duševnému vlastníctvu a obchodná politika. Práva k priemyselnému vlastníctvu a Všeobecná dohoda o clách a obchode.

Saved in:
Bibliographic Details
Main Author: Šronek, Ivan
Format: Book
Language:Czech
Subjects:
Tags: Add Tag
No Tags, Be the first to tag this record!

MARC

LEADER 00000nam a2200000 4500
001 r031367
005 20230912090554.3
041 0 |a cze 
044 |a CZ 
245 1 0 |a Práva k duševnímu vlastnictví a mezinárodní obchod  |c Ivan Šronek 
520 |a Meniaca sa úloha práva k duševnému vlastníctvu v medzinárodnom obchode. Práva k duševnému vlastníctvu a obchodná politika. Práva k priemyselnému vlastníctvu a Všeobecná dohoda o clách a obchode. 
610 2 0 |a vlastníctvo duševné 
610 2 0 |a vlastníctvo priemyselné 
610 2 0 |a právo patentové 
610 2 0 |a právo vlastnícke 
610 2 0 |a politika obchodná 
610 2 0 |a obchod medzinárodný 
610 2 0 |a ochrana autorstva 
610 2 0 |a ochrana právna 
610 2 0 |a patenty 
100 1 |a Šronek, Ivan